| 000 | 00513nam a2200193Ia 4500 | ||
|---|---|---|---|
| 005 | 20250326145558.0 | ||
| 008 | 250326s9999 xx 000 0 und d | ||
| 037 | _aTextbook | ||
| 040 |
_aFMSL _beng _cFMSL |
||
| 041 |
_aeng _2eng |
||
| 084 |
_aX:8 P7 _qFMSL |
||
| 100 |
_aSpitzer D R _9751413 |
||
| 245 | 0 |
_aTransforming performance measurement _cSpitzer D R |
|
| 260 |
_aNY _bNY, Amacom _c2007 |
||
| 365 | _b1355.537 | ||
| 650 | _aManagement | ||
| 942 |
_cTB _hX:8 P7 |
||
| 999 |
_c1308066 _d1308066 |
||